00541 a2200181 4500020001800000022001800018082001000036090001500046100001900061245006200080250000900142260004200151300001000193500001600203942002300219999001900242952009800261 a9788177587807 a9788177587807 a658.3 c6383d6383 aDessler, Gary. aA Framework for Human Resource Management.cGary Dessler. a3rd. aNew Delhi.bPearson Education.c2004. a408p. aPaper cover aNBScBKk658.3 DES c348747d348747 00104070aCLbCLd2013-08-28l4o658.3 DESpNBS8640r2022-07-27s2022-06-27w2013-08-28yBK